[Event "Tournament 14471 - Europe Echecs"]
[Site "Europe Echecs"]
[Date "2020.07.09"]
[Round "5"]
[Time "16:05:20"]
[PlyCount "104"]
[White "PousVictor"]
[Black "TsirulnikovAlic"]
[WhiteElo "1167"]
[BlackElo "1010"]
[Mode "WEB"]
[Result "1-0"]

1. e4 e5 2. Nf3 Nc6 3. d4 exd4 4. Nxd4 Nf6 5. Nxc6 bxc6 6. Bd3 Bc5 7. Nc3 d5 8.
O-O O-O 9. Bg5 h6 10. Bh4 Bd4 11. Be2 dxe4 12. Nxe4 Rb8 13. c3 Be5 14. Qxd8 Rxd8
15. Bxf6 Bxf6 16. Nxf6+ gxf6 17. b3 Rd2 18. Bc4 Be6 19. Bxe6 fxe6 20. Rfd1 Rbd8
21. Rxd2 Rxd2 22. a4 e5 23. h3 f5 24. b4 f4 25. c4 Rd4 26. Rc1 e4 27. b5 cxb5
28. axb5 e3 29. f3 Kf7 30. c5 Ke6 31. Kf1 Rd2 32. Re1 Kd5 33. g3 Ke5 34. g4 Kd4
35. c6 Rf2+ 36. Kg1 Kd3 37. h4 Kd2 38. Ra1 e2 39. Kxf2 Kd3 40. g5 hxg5 41. hxg5
Kd2 42. g6 a6 43. bxa6 Kd3 44. g7 Kd2 45. g8=Q Kd3 46. Qd8+ Kc3 47. Rc1+ Kb2 48.
Qd2+ Kb3 49. Rb1+ Kc4 50. Rc1+ Kb5 51. Qb2+ Kxa6 52. Ra1# {TsirulnikovAlic est échec et mat} 1-0

[Event "Tournament 14471 - Europe Echecs"]
[Site "Europe Echecs"]
[Date "2020.07.09"]
[Round "5"]
[Time "16:05:20"]
[PlyCount "36"]
[White "PommereulEmma"]
[Black "BernadetDaniel"]
[WhiteElo "1161"]
[BlackElo "1003"]
[Mode "WEB"]
[Result "1-0"]

1. e4 e5 2. Nf3 Nc6 3. Bc4 Bc5 4. c3 Nf6 5. d4 exd4 6. cxd4 Bb4+ 7. Bd2 Bxd2+ 8.
Nbxd2 O-O 9. e5 Ne8 10. O-O d6 11. Re1 d5 12. Bb5 Bg4 13. Qb3 Rb8 14. h3 Bf5 15.
Bd3 Bxd3 16. Qxd3 Ne7 17. Ng5 f6 18. Qxh7# {BernadetDaniel est échec et mat} 1-0

[Event "Tournament 14471 - Europe Echecs"]
[Site "Europe Echecs"]
[Date "2020.07.09"]
[Round "5"]
[Time "16:05:20"]
[PlyCount "103"]
[White "BarbierPestour"]
[Black "SherpaHaarSchm"]
[WhiteElo "999"]
[BlackElo "1150"]
[Mode "WEB"]
[Result "0-1"]

1. e4 e5 2. d4 exd4 3. Qxd4 Nc6 4. Qe3 Nf6 5. Bd3 d6 6. Nf3 Bg4 7. Be2 Qe7 8.
Nc3 O-O-O 9. O-O d5 10. exd5 Qxe3 11. Bxe3 Nxd5 12. Nxd5 Rxd5 13. Bc4 Rf5 14.
Bd3 Rf6 15. Ng5 h6 16. Ne4 Re6 17. h3 Bf5 18. Nc5 Re5 19. Bxf5+ Rxf5 20. Nb3 Bd6
21. Nd4 Nxd4 22. Bxd4 Be5 23. Bxe5 Rxe5 24. f4 Re2 25. Rac1 Rd8 26. Rf2 Rde8 27.
f5 Re1+ 28. Rxe1 Rxe1+ 29. Kh2 Kd7 30. f6 gxf6 31. Rxf6 Ke8 32. Rxh6 Re2 33.
Rh8+ Kd7 34. Ra8 Rxc2 35. Rxa7 Rxb2 36. a4 c5 37. a5 Kc6 38. a6 bxa6 39. Rxa6+
Kb5 40. Ra8 c4 41. Rc8 Kb4 42. Kg1 c3 43. Kf1 Kb3 44. Ke1 c2 45. Kd2 c1=Q+ 46.
Kxc1 Rxg2 47. Rh8 f5 48. h4 f4 49. Rf8 Rg4 50. Rb8+ Kc3 51. h5 Rg1# {BarbierPestour est échec et mat} 0-1

[Event "Tournament 14471 - Europe Echecs"]
[Site "Europe Echecs"]
[Date "2020.07.09"]
[Round "5"]
[Time "16:05:20"]
[PlyCount "31"]
[White "BourginePaul"]
[Black "VerdierSolene"]
[WhiteElo "999"]
[BlackElo "1150"]
[Mode "WEB"]
[Result "0-1"]

1. e4 e5 2. Nf3 Nc6 3. Bc4 Bc5 4. O-O Nf6 5. Nc3 d6 6. Nd5 Bg4 7. d3 Nd4 8. Ng5
Bxd1 9. Nxf6+ Qxf6 10. Bxf7+ Ke7 11. Bh5 Bxc2 12. Be3 Bxd3 13. Rad1 Bxf1 14.
Kxf1 Nc2 15. Bd2 Qxf2# {BourginePaul est échec et mat} 0-1

[Event "Tournament 14471 - Europe Echecs"]
[Site "Europe Echecs"]
[Date "2020.07.09"]
[Round "5"]
[Time "16:05:20"]
[PlyCount "42"]
[White "AlexGeerjananN"]
[Black "CaillensValent"]
[WhiteElo "1370"]
[BlackElo "999"]
[Mode "WEB"]
[Result "1-0"]

1. e4 e5 2. Nf3 Nc6 3. Bc4 Nf6 4. Nc3 Bc5 5. d3 h6 6. Be3 Bb6 7. Qd2 d6 8. O-O-O
Be6 9. Bb3 Qd7 10. Nd5 Nd4 11. Rhe1 O-O 12. Nxf6+ gxf6 13. Bxh6 Rfe8 14. Bxe6
Qxe6 15. Nxd4 Bxd4 16. c3 Bb6 17. h3 Qxa2 18. Qc2 d5 19. Qe2 d4 20. Qg4+ Kh8 21.
Qg7# {CaillensValent est échec et mat} 1-0

[Event "Tournament 14471 - Europe Echecs"]
[Site "Europe Echecs"]
[Date "2020.07.09"]
[Round "5"]
[Time "16:05:20"]
[PlyCount "86"]
[White "KurenkovAndrey"]
[Black "LemoalImran"]
[WhiteElo "1322"]
[BlackElo "1047"]
[Mode "WEB"]
[Result "1-0"]

1. e4 e5 2. Nf3 Nc6 3. Nc3 d6 4. d4 Nf6 5. dxe5 dxe5 6. Qxd8+ Kxd8 7. Bg5 Be7 8.
O-O-O+ Ke8 9. Bxf6 Bxf6 10. Nd5 Kd8 11. Nxf6+ Ke7 12. Nd5+ Ke8 13. Nxc7+ Kf8 14.
Nxa8 Ke8 15. Nc7+ Ke7 16. Nd5+ Ke6 17. Ng5+ Kd7 18. Bb5 Ke8 19. Bxc6+ bxc6 20.
Nc7+ Ke7 21. Rd2 Be6 22. Ncxe6 fxe6 23. Rhd1 Kf6 24. h4 h6 25. Nf3 g5 26. g3 Rh7
27. Rh1 Rh8 28. hxg5+ Kg6 29. Nxe5+ Kg7 30. Rd7+ Kf8 31. Ng6+ Kg8 32. gxh6 Rh7
33. Nf8 Rxd7 34. Nxd7 Kh7 35. Nf6+ Kg6 36. h7 Kxf6 37. h8=Q+ Kg5 38. f4+ Kg4 39.
Qh5+ Kxg3 40. Qg5+ Kf3 41. Rf1+ Ke3 42. Qc5+ Kxe4 43. Qe5# {LemoalImran est échec et mat} 1-0

[Event "Tournament 14471 - Europe Echecs"]
[Site "Europe Echecs"]
[Date "2020.07.09"]
[Round "5"]
[Time "16:05:20"]
[PlyCount "52"]
[White "MoreauDecource"]
[Black "PechGuillaume"]
[WhiteElo "1330"]
[BlackElo "1012"]
[Mode "WEB"]
[Result "0-1"]

1. e4 c6 2. Bc4 d5 3. exd5 cxd5 4. Bb5+ Nc6 5. Bxc6+ bxc6 6. Nf3 Bg4 7. O-O Nf6
8. Nc3 e5 9. d3 Bb4 10. a3 Bc5 11. b4 Bd4 12. Bb2 O-O 13. Na4 Bxb2 14. Nxb2 a6
15. c4 d4 16. b5 axb5 17. cxb5 c5 18. Nc4 Nd5 19. Ncxe5 Bxf3 20. Qxf3 Qg5 21.
Ng4 Nc3 22. Rfe1 Nxb5 23. Re5 Rxa3 24. Rxa3 Qc1+ 25. Qd1 Qxd1+ 26. Re1 {MoreauDecource a abandonné} 0-1

[Event "Tournament 14471 - Europe Echecs"]
[Site "Europe Echecs"]
[Date "2020.07.09"]
[Round "5"]
[Time "16:05:20"]
[PlyCount "100"]
[White "DromardLila"]
[Black "BoucaudViallar"]
[WhiteElo "1040"]
[BlackElo "1329"]
[Mode "WEB"]
[Result "0-1"]

1. e4 e5 2. Nf3 Nc6 3. Nc3 Bc5 4. Bc4 d6 5. d3 Nf6 6. O-O Be6 7. b3 Qd7 8. Nd5
h5 9. Bg5 Ng4 10. Be3 f6 11. Rb1 g5 12. h3 O-O-O 13. hxg4 Bxg4 14. Nh2 Be6 15.
Nxf6 Qg7 16. Bxe6+ Kb8 17. Nxh5 Qg6 18. Bg4 Ne7 19. Bxc5 dxc5 20. a3 Ng8 21. b4
cxb4 22. Rxb4 Nf6 23. Nxf6 Qxf6 24. Rb5 Qh6 25. f3 Qxh2+ 26. Kf2 Qh4+ 27. Ke3
Qg3 28. Qd2 Qf4+ 29. Ke2 Qf6 30. Rfb1 b6 31. a4 Rh2 32. Rg1 Qd6 33. a5 Qc6 34.
axb6 cxb6 35. Rxe5 Qd6 36. Rxg5 Qd4 37. Qf4+ Ka8 38. Qxh2 Qc3 39. Ke3 Qxc2 40.
Qh7 Qxd3+ 41. Kf4 Qd2+ 42. Kf5 Qa5+ 43. Kf6 Qc3+ 44. Ke7 Qc7+ 45. Bd7 Qxd7+ 46.
Kf6 Qxh7 47. Rc1 Rf8+ 48. Ke5 Qe7+ 49. Kd4 Qxg5 50. e5 {DromardLila a abandonné} 0-1

[Event "Tournament 14471 - Europe Echecs"]
[Site "Europe Echecs"]
[Date "2020.07.09"]
[Round "5"]
[Time "16:05:20"]
[PlyCount "141"]
[White "KulikovaBernie"]
[Black "LoszycerSasha"]
[WhiteElo "800"]
[BlackElo "1162"]
[Mode "WEB"]
[Result "1/2-1/2"]

1. e4 d6 2. Nf3 g6 3. Nc3 Bg7 4. h3 Nc6 5. Bc4 e5 6. d3 Nf6 7. Bg5 O-O 8. O-O
Qd7 9. b3 h6 10. Be3 Ne8 11. Nb5 a6 12. Na3 b5 13. Bd5 Nf6 14. b4 Nxd5 15. exd5
Ne7 16. d4 exd4 17. Bxd4 Bxd4 18. Nxd4 Nf5 19. Re1 Nxd4 20. Qxd4 Qe7 21. Rxe7
Bf5 22. Nb1 Bxc2 23. Nd2 a5 24. bxa5 Rxa5 25. Ne4 Bxe4 26. Rxe4 f5 27. Rh4 Kh7
28. Qe3 g5 29. Rh5 f4 30. Qe7+ Kg6 31. Qe4+ Kxh5 32. Qf3+ Kg6 33. Qe4+ Kg7 34.
Qe7+ Rf7 35. Qe4 b4 36. g3 fxg3 37. fxg3 b3 38. Qd4+ Kf8 39. h4 bxa2 40. Qh8+
Ke7 41. Qxh6 gxh4 42. Qxh4+ Ke8 43. Qe4+ Re7 44. Qg6+ Kd7 45. Qf6 Rb5 46. g4
Rb1+ 47. Rxb1 axb1=Q+ 48. Kg2 Qc2+ 49. Kg3 Qd3+ 50. Kh4 Qxd5 51. g5 Re4+ 52. Kh5
Re6 53. Qg7+ Kc8 54. Qg8+ Kb7 55. Qg7 Qf5 56. Kh4 Re4+ 57. Kh5 Qh3+ 58. Kg6 Re6+
59. Kf7 Qf5+ 60. Kg8 Rg6 61. Kh7 Rxg7+ 62. Kxg7 Qxg5+ 63. Kf8 Qe5 64. Kf7 c5 65.
Kg6 Qf4 66. Kg7 c4 67. Kg6 c3 68. Kh5 Qg3 69. Kh6 c2 70. Kh5 c1=Q {Nulle par pat} 1/2-1/2

[Event "Tournament 14471 - Europe Echecs"]
[Site "Europe Echecs"]
[Date "2020.07.09"]
[Round "5"]
[Time "16:05:20"]
[PlyCount "98"]
[White "CarobbioMaxime"]
[Black "RaymondTimothe"]
[WhiteElo "1080"]
[BlackElo "999"]
[Mode "WEB"]
[Result "1-0"]

1. d4 d5 2. Nc3 Nf6 3. Bf4 e6 4. e3 Bd6 5. Bd3 Bxf4 6. exf4 g6 7. Nge2 Nc6 8.
Qd2 e5 9. fxe5 Ng4 10. f3 Nh6 11. Qxh6 Bf5 12. Bxf5 gxf5 13. Qe3 Nb4 14. O-O-O
Qh4 15. Kb1 b6 16. e6 Nc6 17. exf7+ Kf8 18. Nxd5 Kxf7 19. Nxc7 Rad8 20. Qe6+ Kg7
21. Qxc6 Qf6 22. Qxf6+ Kxf6 23. Nc3 Rhg8 24. N7d5+ Ke6 25. Rhe1+ Kf7 26. Re7+
Kf8 27. Rxa7 Rg7 28. Rxg7 Kxg7 29. Nf4 Kh6 30. d5 Rg8 31. d6 Kg7 32. d7 Kf7 33.
d8=Q Rxd8 34. Rxd8 Ke7 35. Rd1 Kf6 36. Rd6+ Ke5 37. Rxb6 Kxf4 38. a4 Ke5 39. a5
Kd4 40. a6 Kc5 41. Rb3 Kc6 42. a7 Kc5 43. a8=Q Kd4 44. Qd5+ Ke3 45. Nb5+ Kf4 46.
Rb4+ Kg5 47. h4+ Kh5 48. Qxf5+ Kh6 49. Qg5# {RaymondTimothe est échec et mat} 1-0

[Event "Tournament 14471 - Europe Echecs"]
[Site "Europe Echecs"]
[Date "2020.07.09"]
[Round "6"]
[Time "16:36:13"]
[PlyCount "127"]
[White "TrevisiolAntoi"]
[Black "LamazeSimon"]
[WhiteElo "1788"]
[BlackElo "2185"]
[Mode "WEB"]
[Result "0-1"]

1. d4 Nf6 2. c4 e6 3. Nf3 Bb4+ 4. Bd2 c5 5. Bxb4 cxb4 6. e3 O-O 7. Bd3 b6 8. O-O
Bb7 9. Nbd2 d6 10. Qc2 Nbd7 11. Ne4 Qe7 12. Nxf6+ Nxf6 13. Ng5 h6 14. Nh7 Rfc8
15. Nxf6+ Qxf6 16. Rfc1 Qg5 17. Bf1 d5 18. Qd3 Qe7 19. cxd5 Bxd5 20. b3 Rd8 21.
Qc2 e5 22. dxe5 Qxe5 23. Qc7 Qf6 24. Qf4 Qxf4 25. exf4 a5 26. Bc4 a4 27. bxa4
Bxc4 28. Rxc4 Rxa4 29. g3 Rd2 30. Kg2 b5 31. Re4 f5 32. Re5 b3 33. Rxb5 Raxa2
34. Rxa2 bxa2 35. Ra5 g6 36. Ra7 Kf8 37. Kf3 Ke8 38. Ke3 Rb2 39. h4 Kd8 40. f3
Kc8 41. g4 Kb8 42. Ra3 Kc7 43. g5 hxg5 44. hxg5 Rb3+ 45. Rxb3 a1=Q 46. Rd3 Qe1+
47. Kd4 Kd6 48. Kc4+ Ke6 49. Kd4 Qc1 50. Re3+ Kd6 51. Kd3 Qf1+ 52. Kd4 Qd1+ 53.
Rd3 Qc1 54. Re3 Qg1 55. Kd3 Qf2 56. Kd4 Qd2+ 57. Rd3 Qxf4+ 58. Kc3+ Kc5 59. Rd2
Qxf3+ 60. Rd3 Qxd3+ 61. Kxd3 Kd5 62. Ke3 Ke5 63. Kf3 f4 {TrevisiolAntoi a abandonné} 0-1

[Event "Tournament 14471 - Europe Echecs"]
[Site "Europe Echecs"]
[Date "2020.07.09"]
[Round "6"]
[Time "16:36:13"]
[PlyCount "64"]
[White "SchippkeManon"]
[Black "SuspeneJacques"]
[WhiteElo "1873"]
[BlackElo "1610"]
[Mode "WEB"]
[Result "1-0"]

1. e4 d6 2. d4 g6 3. Nf3 Bg7 4. h3 Nd7 5. Bd3 c5 6. c3 Ngf6 7. O-O O-O 8. Re1 a6
9. a4 b6 10. d5 Rb8 11. c4 Ne5 12. Nxe5 dxe5 13. Nc3 Bd7 14. Be2 Ne8 15. Bf3 Nd6
16. b3 b5 17. Be3 Qc7 18. axb5 axb5 19. cxb5 Nxb5 20. Nxb5 Rxb5 21. Qc2 Rfb8 22.
b4 Rxb4 23. Qxc5 Qd6 24. Ra7 Rb1 25. Rxb1 Rxb1+ 26. Kh2 Bb5 27. Qxd6 exd6 28.
Ra8+ Bf8 29. Bh6 Be8 30. Rxe8 Rb8 31. Rxb8 f5 32. Rxf8# {SuspeneJacques est échec et mat} 1-0

[Event "Tournament 14471 - Europe Echecs"]
[Site "Europe Echecs"]
[Date "2020.07.09"]
[Round "6"]
[Time "16:36:13"]
[PlyCount "54"]
[White "KuhnClement"]
[Black "DruonThibault"]
[WhiteElo "2150"]
[BlackElo "1644"]
[Mode "WEB"]
[Result "1-0"]

1. d4 Nf6 2. c4 g6 3. f3 d5 4. cxd5 Nxd5 5. e4 Nb6 6. Nc3 Bg7 7. Be3 O-O 8. Qd2
Nc6 9. O-O-O e5 10. d5 Nd4 11. Bh6 c6 12. Bxg7 Kxg7 13. Nge2 cxd5 14. Nxd4 exd4
15. Qxd4+ Kg8 16. exd5 Bd7 17. h4 h5 18. Kb1 Rc8 19. Bd3 Rxc3 20. Qxc3 Nxd5 21.
Qd4 Ba4 22. b3 Bc6 23. Bc4 Qa5 24. Bxd5 Rd8 25. Bxf7+ Kxf7 26. Qxd8 Qf5+ 27. Qd3 {DruonThibault a abandonné} 1-0

[Event "Tournament 14471 - Europe Echecs"]
[Site "Europe Echecs"]
[Date "2020.07.09"]
[Round "6"]
[Time "16:36:13"]
[PlyCount "82"]
[White "VanDenBrandeNo"]
[Black "ChouvaevKominD"]
[WhiteElo "1931"]
[BlackElo "1637"]
[Mode "WEB"]
[Result "1-0"]

1. d4 Nf6 2. c4 g6 3. g3 Bg7 4. Bg2 c6 5. Nf3 d5 6. O-O O-O 7. Nc3 dxc4 8. a4
Na6 9. Ne5 Be6 10. Bf4 Nd5 11. Qd2 Nxf4 12. Qxf4 Qc7 13. Rfd1 f6 14. Nf3 Qxf4
15. gxf4 Nc7 16. Nd2 Nd5 17. e3 Rac8 18. Bf1 Nxc3 19. bxc3 b6 20. Nxc4 Rfd8 21.
Nd2 c5 22. Bd3 cxd4 23. cxd4 Rc3 24. Ba6 Bc8 25. Bc4+ Kf8 26. Rac1 Rxc1 27. Rxc1
Bb7 28. Be6 Rd6 29. Bh3 f5 30. Rc7 Bc6 31. Rxa7 b5 32. axb5 Bxb5 33. Bg2 e5 34.
fxe5 Bxe5 35. Nb3 Bf6 36. h3 f4 37. Nc5 fxe3 38. fxe3 Bg5 39. Ra3 Bc6 40. e4
Rxd4 41. Ne6+ {ChouvaevKominD a perdu au temps} 1-0

[Event "Tournament 14471 - Europe Echecs"]
[Site "Europe Echecs"]
[Date "2020.07.09"]
[Round "6"]
[Time "16:36:13"]
[PlyCount "159"]
[White "BreuilTristan"]
[Black "MenouxJoachim"]
[WhiteElo "1898"]
[BlackElo "1627"]
[Mode "WEB"]
[Result "1/2-1/2"]

1. e4 e6 2. d4 d5 3. Nd2 Nf6 4. e5 Nfd7 5. c3 c5 6. Bd3 Nc6 7. Ndf3 cxd4 8. cxd4
f6 9. exf6 Nxf6 10. Ne2 Bd6 11. O-O O-O 12. Bg5 Qb6 13. b3 Bd7 14. Rc1 Ba3 15.
Ra1 Nb4 16. Bc1 Bxc1 17. Nxc1 Nxd3 18. Nxd3 Rac8 19. Nc5 Be8 20. Ng5 Bf7 21. Re1
Rfe8 22. Qf3 Rxc5 23. dxc5 Qxc5 24. Rac1 Qa5 25. Nxf7 Kxf7 26. Re5 Qxa2 27. g4
Kg8 28. g5 Ne4 29. Rxe6 Rf8 30. Qd3 Qxf2+ 31. Kh1 Qf5 32. Rxe4 dxe4 33. Qe3 Qf3+
34. Qxf3 exf3 35. Kg1 f2+ 36. Kf1 g6 37. Rc7 Rf7 38. Rc4 Kg7 39. Ra4 a6 40. Rb4
h6 41. h4 hxg5 42. hxg5 b5 43. Rd4 Rf5 44. Rd7+ Rf7 45. Rd6 Rf5 46. Rxa6 Rxg5
47. Kxf2 Rf5+ 48. Kg3 Re5 49. Kf4 Rh5 50. Rb6 b4 51. Kg4 Rh1 52. Rxb4 Rg1+ 53.
Kf3 Re1 54. Rb7+ Kh6 55. Rb8 Kg5 56. b4 Rb1 57. b5 Rb3+ 58. Kf2 Kg4 59. b6 g5
60. b7 Rb2+ 61. Ke3 Rb3+ 62. Kf2 Rb2+ 63. Ke3 Rb3+ 64. Ke4 Kg3 65. Rg8 Rxb7 66.
Rxg5+ Kf2 67. Rf5+ Ke2 68. Ra5 Rb4+ 69. Ke5 Kf3 70. Ra3+ Ke2 71. Ra2+ Kd3 72.
Rh2 Re4+ 73. Kd5 Rd4+ 74. Kc5 Rc4+ 75. Kb5 Re4 76. Kc5 Rc4+ 77. Kd5 Rd4+ 78. Ke5
Re4+ 79. Kd5 Rd4+ {Nulle par répétition} 1/2-1/2

[Event "Tournament 14471 - Europe Echecs"]
[Site "Europe Echecs"]
[Date "2020.07.09"]
[Round "6"]
[Time "16:36:13"]
[PlyCount "44"]
[White "SiffertArman"]
[Black "GrondinMarine"]
[WhiteElo "1887"]
[BlackElo "1533"]
[Mode "WEB"]
[Result "1-0"]

1. d4 e6 2. Nf3 Nf6 3. Bf4 d5 4. e3 c5 5. c3 Nc6 6. Nbd2 b6 7. Bb5 Bd7 8. O-O a6
9. Bd3 Be7 10. Ne5 O-O 11. Qe2 b5 12. Bg3 Qb6 13. Bh4 Qd8 14. f4 c4 15. Bc2 b4
16. Qf3 a5 17. Qh3 h6 18. g4 Ne8 19. Bxe7 Qxe7 20. Ndf3 Nd6 21. g5 Ne4 22. gxh6 {GrondinMarine a perdu au temps} 1-0

[Event "Tournament 14471 - Europe Echecs"]
[Site "Europe Echecs"]
[Date "2020.07.09"]
[Round "6"]
[Time "16:36:13"]
[PlyCount "66"]
[White "FischlerOscar"]
[Black "OkhanianGiorgi"]
[WhiteElo "1864"]
[BlackElo "1490"]
[Mode "WEB"]
[Result "1-0"]

1. Nf3 d5 2. d4 Nf6 3. g3 c5 4. c3 e6 5. Bg2 Nc6 6. O-O cxd4 7. cxd4 Be7 8. Nc3
O-O 9. Bf4 a6 10. Rc1 Ne4 11. Nxe4 dxe4 12. Ne5 Nxe5 13. dxe5 f5 14. exf6 Bxf6
15. Qxd8 Rxd8 16. Bxe4 g5 17. Be3 Bxb2 18. Rb1 Bf6 19. Bxb7 Rb8 20. Bxc8 Rdxc8
21. a4 Rxb1 22. Rxb1 Rc4 23. Rb8+ Kg7 24. a5 Ra4 25. Bb6 Ra1+ 26. Kg2 Bc3 27.
Ra8 Ra2 28. e4 Ra4 29. Rxa6 Rxe4 30. Ra8 Ra4 31. a6 Be5 32. a7 Bf6 33. Rc8 {OkhanianGiorgi a abandonné} 1-0

[Event "Tournament 14471 - Europe Echecs"]
[Site "Europe Echecs"]
[Date "2020.07.09"]
[Round "6"]
[Time "16:36:13"]
[PlyCount "127"]
[White "MareauTimothe"]
[Black "ValleeLouis"]
[WhiteElo "1642"]
[BlackElo "1864"]
[Mode "WEB"]
[Result "0-1"]

1. e4 e5 2. d4 exd4 3. Nf3 Nc6 4. Bc4 Nf6 5. O-O Nxe4 6. Re1 d5 7. Bxd5 Qxd5 8.
Nc3 Qh5 9. Nxe4 Be6 10. Bg5 Bd6 11. Nxd6+ cxd6 12. Bf4 O-O 13. Nxd4 Bg4 14. Qd2
d5 15. Nxc6 bxc6 16. Re5 Bf5 17. Rae1 Qg6 18. c3 Be4 19. f3 f6 20. Re6 Bxf3 21.
Rxc6 Rae8 22. Rce6 Be4 23. Rxe8 Rxe8 24. Bg3 Qg4 25. Qf4 Qd7 26. Qd6 Qa4 27. a3
Qc2 28. Bf2 Qxb2 29. Qc6 Rb8 30. c4 Qd2 31. Qe6+ Kh8 32. cxd5 Bxd5 33. Qd7 h6
34. Re8+ Rxe8 35. Qxe8+ Kh7 36. h3 Qc1+ 37. Kh2 Qxa3 38. Qc8 Be4 39. Qe6 Qa4 40.
Bg3 Qc2 41. Bf2 Qxf2 42. Qxe4+ f5 43. Qa4 Qc5 44. Qa6 Qb6 45. Qd3 Kg6 46. g4
Qb2+ 47. Kh1 Qc1+ 48. Kh2 Qf4+ 49. Kg2 Qe4+ 50. Qxe4 fxe4 51. Kf2 a5 52. Ke3 a4
53. Kxe4 a3 54. Kd3 a2 55. Kc2 a1=Q 56. Kd3 Qa4 57. Ke3 Kg5 58. Kf3 Kh4 59. g5
hxg5 60. Ke2 Qb3 61. Kf2 Kxh3 62. Kg1 Kg3 63. Kf1 Qd1# {MareauTimothe est échec et mat} 0-1

[Event "Tournament 14471 - Europe Echecs"]
[Site "Europe Echecs"]
[Date "2020.07.09"]
[Round "6"]
[Time "16:36:13"]
[PlyCount "39"]
[White "GresserBaptist"]
[Black "MorenoChabotCl"]
[WhiteElo "1791"]
[BlackElo "1476"]
[Mode "WEB"]
[Result "0-1"]

1. e4 c5 2. d4 cxd4 3. c3 dxc3 4. Nxc3 Nc6 5. Nf3 g6 6. Bc4 Bg7 7. h4 d6 8. h5
Bg4 9. Bxf7+ Kxf7 10. Ng5+ Ke8 11. Qxg4 Nf6 12. Qe6 Rf8 13. h6 Bh8 14. Be3 Qd7
15. O-O-O Ng4 16. Qxg4 Qxg4 17. Nd5 Rc8 18. Nxh7 Qxe4 19. Ng5 Nb4+ {GresserBaptist a abandonné} 0-1

[Event "Tournament 14471 - Europe Echecs"]
[Site "Europe Echecs"]
[Date "2020.07.09"]
[Round "6"]
[Time "16:36:13"]
[PlyCount "65"]
[White "TulliezAndre"]
[Black "MaziarzPierre"]
[WhiteElo "1777"]
[BlackElo "1424"]
[Mode "WEB"]
[Result "0-1"]

1. e4 c5 2. Nf3 e6 3. d4 cxd4 4. Nxd4 a6 5. Bd3 Nf6 6. O-O Qc7 7. Be3 b5 8. a4
b4 9. Nb3 a5 10. f4 d6 11. Qf3 Bb7 12. f5 d5 13. e5 Qxe5 14. Bd4 Qd6 15. fxe6
Qxe6 16. Bf5 Qc6 17. Re1+ Be7 18. Bc5 Ne4 19. Bxe7 Kxe7 20. Nd4 Qf6 21. Nd2
Qxd4+ 22. Kh1 Qxd2 23. Rad1 Qxc2 24. Rc1 Qd2 25. Red1 Nf2+ 26. Kg1 Nxd1 27. Rxd1
Qxb2 28. Re1+ Kf8 29. Qe3 Nc6 30. Bd7 Qd4 31. Bxc6 Qxe3+ 32. Rxe3 Bxc6 {TulliezAndre a abandonné} 0-1

[Event "Tournament 14471 - Europe Echecs"]
[Site "Europe Echecs"]
[Date "2020.07.09"]
[Round "6"]
[Time "16:36:13"]
[PlyCount "68"]
[White "GignouxPezzett"]
[Black "DelestreAnatol"]
[WhiteElo "1605"]
[BlackElo "1768"]
[Mode "WEB"]
[Result "1-0"]

1. e4 c5 2. c4 e6 3. Nc3 a6 4. g3 Nc6 5. Bg2 Rb8 6. Nge2 b5 7. d3 Nf6 8. Be3 b4
9. Nb1 d5 10. exd5 exd5 11. cxd5 Nxd5 12. Nf4 Be6 13. Nxe6 fxe6 14. Qh5+ g6 15.
Qg4 Qd6 16. Nd2 Ne5 17. Qe4 Nf6 18. Qh4 Be7 19. Bg5 O-O 20. O-O Rbe8 21. Rad1 a5
22. Nc4 Nxc4 23. dxc4 Qe5 24. Rde1 Qxb2 25. Rxe6 Bd8 26. Rxe8 Rxe8 27. Bc6 Rf8
28. Qh3 Qe5 29. Bf4 Qd4 30. Qe6+ Kg7 31. Be5 Qc3 32. Bxc3 bxc3 33. Rc1 Re8 34.
Bxe8 {DelestreAnatol a abandonné} 1-0

[Event "Tournament 14471 - Europe Echecs"]
[Site "Europe Echecs"]
[Date "2020.07.09"]
[Round "6"]
[Time "16:36:13"]
[PlyCount "123"]
[White "MarcheNael"]
[Black "VuDinhAdrien"]
[WhiteElo "1566"]
[BlackElo "1740"]
[Mode "WEB"]
[Result "0-1"]

1. d4 Nf6 2. c4 g6 3. Nc3 d5 4. cxd5 Nxd5 5. e4 Nxc3 6. bxc3 Bg7 7. Nf3 O-O 8.
Rb1 c5 9. Be3 Nc6 10. Qd2 Bg4 11. d5 Bxf3 12. dxc6 Qxd2+ 13. Bxd2 Bxe4 14. Rxb7
Bxc6 15. Rxe7 Rfe8 16. Rxe8+ Rxe8+ 17. Kd1 Rb8 18. Kc2 Be4+ 19. Bd3 Bxg2 20. Re1
Bd5 21. c4 Be6 22. Bc3 Bxc3 23. Kxc3 Rb6 24. f4 Kg7 25. Re5 Rc6 26. h4 Kf6 27.
h5 Kg7 28. hxg6 hxg6 29. Rg5 Kf6 30. Re5 Ke7 31. Re2 Kd6 32. Rd2 Ke7 33. Be4 Ra6
34. Rb2 Ra4 35. Bd3 Ra3+ 36. Kd2 Kf6 37. Ke2 Bf5 38. Bxf5 Kxf5 39. Rb7 Rxa2+ 40.
Ke3 Ra3+ 41. Ke2 f6 42. Rc7 Kxf4 43. Rxc5 g5 44. Rd5 Re3+ 45. Kf2 Rc3 46. c5
Rc2+ 47. Ke1 g4 48. Kd1 Rc4 49. Kd2 g3 50. Kd3 Rc1 51. Kd2 g2 52. Kxc1 g1=Q+ 53.
Rd1 Qxc5+ 54. Kb1 Qb4+ 55. Kc2 Qa4+ 56. Kd2 Qd4+ 57. Ke2 Qe3+ 58. Kf1 Kf3 59.
Rd3 Qxd3+ 60. Kg1 Kg3 61. Kh1 Qd1# {MarcheNael est échec et mat} 0-1

[Event "Tournament 14471 - Europe Echecs"]
[Site "Europe Echecs"]
[Date "2020.07.09"]
[Round "6"]
[Time "16:36:13"]
[PlyCount "139"]
[White "MichelDeletieO"]
[Black "MoraisThomas"]
[WhiteElo "1558"]
[BlackElo "1710"]
[Mode "WEB"]
[Result "0-1"]

1. e4 c5 2. Nf3 e6 3. d4 cxd4 4. Nxd4 a6 5. Nc3 Qc7 6. Be3 Nf6 7. f3 Bb4 8. Qd2
d5 9. exd5 Nxd5 10. Nde2 O-O 11. O-O-O Nc6 12. Kb1 Rd8 13. Nxd5 Rxd5 14. Qc1 b5
15. Rxd5 exd5 16. Nd4 Nxd4 17. Bxd4 Bf5 18. Bd3 Bxd3 19. cxd3 Rc8 20. Qxc7 Rxc7
21. Rc1 Rxc1+ 22. Kxc1 f6 23. a3 Bd6 24. Kc2 Kf7 25. h3 Ke6 26. g4 Be5 27. Kc3
a5 28. b4 a4 29. Bxe5 Kxe5 30. f4+ Kxf4 31. Kd4 Kg3 32. Kxd5 Kxh3 33. Ke6 Kxg4
34. d4 f5 35. d5 f4 36. d6 f3 37. d7 f2 38. d8=Q f1=Q 39. Qd4+ Kh5 40. Qe5+ g5
41. Qh2+ Kg4 42. Qxh7 Qe2+ 43. Kf6 Qb2+ 44. Ke6 Qxa3 45. Qe4+ Kh3 46. Qf5+ g4
47. Qh5+ Kg3 48. Qe5+ Kf2 49. Qh2+ Kf3 50. Qh1+ Kf4 51. Qf1+ Qf3 52. Qxb5 Qe4+
53. Kf6 g3 54. Qb8+ Kf3 55. b5 g2 56. Qb6 Qe3 57. Qc6+ Kf2 58. b6 g1=Q 59. Qc2+
Qe2 60. Qf5+ Qf3 61. b7 Qxf5+ 62. Kxf5 Qb1+ 63. Ke5 Qxb7 64. Kd4 a3 65. Kc4 a2
66. Kc3 a1=Q+ 67. Kc2 Qa3 68. Kd1 Qd5+ 69. Kc2 Qdd3# {MichelDeletieO est échec et mat} 0-1

[Event "Tournament 14471 - Europe Echecs"]
[Site "Europe Echecs"]
[Date "2020.07.09"]
[Round "6"]
[Time "16:36:13"]
[PlyCount "73"]
[White "NajaryanArtur"]
[Black "GuliyevTofig"]
[WhiteElo "1526"]
[BlackElo "1699"]
[Mode "WEB"]
[Result "0-1"]

1. e4 c5 2. d4 cxd4 3. c3 d6 4. cxd4 Nf6 5. Nc3 e6 6. Nf3 Be7 7. Bc4 O-O 8. O-O
a6 9. a4 b6 10. Bd2 Bb7 11. Bd3 Qc7 12. Rc1 Qd7 13. Qe2 Nc6 14. e5 dxe5 15. dxe5
Nd5 16. Rfd1 Rfd8 17. Qe4 g6 18. Bg5 Nxc3 19. bxc3 Nb4 20. Qe3 Bxg5 21. Nxg5
Nxd3 22. Qh3 h5 23. g4 Qc6 24. f3 Nxc1 25. Rxc1 Qc5+ 26. Kg2 Rd2+ 27. Kg3 Qxe5+
28. Kh4 Rxh2 29. Qxh2 Qxh2+ 30. Nh3 Bxf3 31. gxh5 Bg2 32. Rf1 Qxh3+ 33. Kg5
Qxh5+ 34. Kf6 Bxf1 35. Ke7 Qc5+ 36. Kd7 Ra7+ {NajaryanArtur a abandonné} 0-1

[Event "Tournament 14471 - Europe Echecs"]
[Site "Europe Echecs"]
[Date "2020.07.09"]
[Round "6"]
[Time "16:36:13"]
[PlyCount "48"]
[White "VilleneuveRobi"]
[Black "DavtianArmen"]
[WhiteElo "1662"]
[BlackElo "1413"]
[Mode "WEB"]
[Result "1-0"]

1. e4 e6 2. d4 d5 3. Nd2 c6 4. c3 Be7 5. Bd3 Nd7 6. Ngf3 dxe4 7. Nxe4 Ngf6 8.
Ng3 h6 9. Be3 Nb6 10. Qd2 Bd7 11. h3 Nbd5 12. O-O Bd6 13. Ne5 Qc7 14. f4 Nxe3
15. Qxe3 Nd5 16. Qe2 c5 17. Rac1 Rc8 18. Qg4 Bf8 19. Nh5 f6 20. Nxg7+ Ke7 21.
Ng6+ Kf7 22. Nxh8+ Kg8 23. Nxe6+ Bg7 24. Qxg7# {DavtianArmen est échec et mat} 1-0